Places To Study

There are group study rooms, individual study carrels, computer labs, and other spaces to study in the Libraries.

Reserve A Group Room

Online Resources

Access thousands of eBooks, audiobooks, and online journals from the comfort of your home.

Explore Resources

Events and Workshops

Join our upcoming events and workshops to enhance your skills and knowledge.

View Events

ပိဋကတော်နှင့်စပ် မှတ်စုထွေလာသိကောင်းစရာ၊ (Record no. 2684)

MARC details
000 -LEADER
fixed length control field 00819nam a22001697a 4500
003 - CONTROL NUMBER IDENTIFIER
control field OSt
005 - DATE AND TIME OF LATEST TRANSACTION
control field 20251209155755.0
008 - FIXED-LENGTH DATA ELEMENTS--GENERAL INFORMATION
fixed length control field 251209b |||||||| |||| 00| 0 eng d
040 ## - CATALOGING SOURCE
Transcribing agency DCL
082 ## - DEWEY DECIMAL CLASSIFICATION NUMBER
Classification number ၂၉၄.၃၈၂
100 0# - MAIN ENTRY--PERSONAL NAME
Personal name ဇောတာလင်္ကာရ ၊
Titles and words associated with a name ဦး၊ ဆရာတော်-
245 1# - TITLE STATEMENT
Title ပိဋကတော်နှင့်စပ် မှတ်စုထွေလာသိကောင်းစရာ၊
Number of part/section of a work ဒုတိယတွဲ /
Statement of responsibility, etc. ဆရာတော် ဦးဇောတာလင်္ကာရ။
264 ## - PRODUCTION, PUBLICATION, DISTRIBUTION, MANUFACTURE, AND COPYRIGHT NOTICE
Place of production, publication, distribution, manufacture ရန်ကုန် ၊
Name of producer, publisher, distributor, manufacturer ရွှေခေတ်စာပေ၊
Date of production, publication, distribution, manufacture, or copyright notice ၂၀၁၅။
300 ## - PHYSICAL DESCRIPTION
Extent ၈၈၀ စာမျက်နှာ ၊
Dimensions ၂၉ စင်တီ။
650 ## - SUBJECT ADDED ENTRY--TOPICAL TERM
Topical term or geographic name entry element ပိဋကတော်
942 ## - ADDED ENTRY ELEMENTS (KOHA)
Source of classification or shelving scheme Dewey Decimal Classification
Koha item type Short Term
Suppress in OPAC No
Holdings
Withdrawn status Lost status Source of classification or shelving scheme Damaged status Not for loan Collection Accession No. Home library Current library Shelving location Date acquired Total checkouts Full call number Barcode Date last seen Price effective from Koha item type
    Dewey Decimal Classification     Myanmar Collection ၁၂၁၈ Dhammadhara Dhammadhara Myanmar Shelves 09/12/2025   ၂၉၄.၃၈၂ ဇော ၁၂၁၈ MB00001218 09/12/2025 09/12/2025 Short Term